Estatísticas para Países mais ecológicos do mundo

Clique aqui para jogar o quiz

Estatísticas Gerais

  • Esse quiz foi jogado 52 vezes
  • A pontuação média é 5 de 10

Estatísticas das Respostas

HintResposta% Correto
4.Suécia
89%
5.Noruega
87%
3.Suíça
78%
1.Islândia
74%
8.Áustria
63%
7.França
63%
2.Costa Rica
20%
9.Cuba
17%
10.Colômbia
11%
6.Ilhas Maurício
0%

Distribuição das Pontuações

Percentil de Números Respondidos

Porcentagem de Pessoas com Cada Pontuação

Sua Pontuação Histórica

Você não jogou esse quiz